000 01109nam a2200277Ma 4500
005 20140903175111.0
008 140604s2006 xxuabo fr 001 0deng d
020 _a0806137010
020 _a9780806137018
040 _aCO-BoUCM
_bspa
_cJose A. Gerena
_dJose A. Gerena
041 1 _aeng
100 1 _aFlorescano, Enrique
_961577
245 1 0 _aNational narratives in Mexico
_ba history
_cEnrique Florescano ; traducción de Nancy T. Hancock
260 _aNorman (Oklahoma, Estados Unidos)
_bUniversity of Oklahoma
_c2006
300 _axiv, 430 páginas
_bilustraciones, mapas, fotografías
504 _aIncluye referencias bibliográficas e índices
650 7 _975
_aFilosofía
_zMéxico
650 7 _97695
_aHistoria
_zMéxico
650 7 _98225
_aVida social y costumbres
_xHistoria
_zMéxico
651 4 _aMexico
_xHistoria
_xFilosofía
_962203
690 _942842
_aHistoria de América
700 1 _aHancock Nancy T.
_etraductor
_962204
765 _tHistoria de las historias de la nación mexicana
942 _a21
_cLIBRO
_e1
_mF634n
_2DEWEY
_h972.0072
999 _c242501
_d242501